[Event "Shropshire Open"]
[Site "Telford"]
[Date "2024.01.13"]
[Round "3.2"]
[White "Bolt, Graham"]
[Black "Surtees, Michael"]
[Result "0-1"]
[WhiteElo "2039"]
[BlackElo "2187"]
[Annotator "Van Kemenade, Rudy"]
[PlyCount "46"]
[EventDate "2024.01.12"]
[EventType "swiss"]
[EventRounds "5"]
[EventCountry "ENG"]
[SourceTitle "BritBase"]
[Source "John Saunders"]
[SourceDate "2024.04.05"]
[SourceVersion "1"]
[SourceVersionDate "2024.04.05"]
[SourceQuality "1"]

1. Nf3 f5 (1... f6 {Surtees 1-1}) 2. d3 Nf6 (2... Nc6 3. e4 e5 4. Nc3 Nf6 5.
Be2 Bb4 6. O-O Bxc3 7. bxc3 d6 8. exf5 O-O 9. d4 {Bolt-Benson, Paignton op
2018,1-0}) 3. e4 d6 4. e5 (4. Nc3 e5 5. exf5 Bxf5 6. d4 e4 7. Nh4 Qd7 8. Nxf5
Qxf5 9. Be2 Be7 10. g4 Qa5 11. Bd2 {Bolt-Aston, Torquay op 2018,1-0}) (4. exf5
{main, 65% for Wh}) 4... Nd5 (4... dxe5 5. Nxe5 Nbd7 6. Bf4 Nxe5 (6... e6 {
3-3-2}) 7. Bxe5 {6-1-1}) 5. c4 (5. d4 Nd7 6. c4 N5b6 7. e6 Nf6 8. Ng5 Bxe6 9.
Nxe6 Qd7 10. d5 {Tarasov-Karaseva, Nizhnij Novgorod, Voroniatov memorial 2008,
1-0}) 5... Nb6 6. Nc3 (6. d4 e6 {6-0, Bl has an inferior Alekhine}) 6... Nc6 7.
Bf4 (7. d4 dxe5 8. d5 Nb8 9. Nxe5 $18 {SF16}) 7... dxe5 8. Nxe5 Qd4 (8... Nxe5
9. Bxe5 Nd7 10. Bg3 e5 11. f4 exf4 12. Bxf4 Nf6 13. Qe2+ Be7 14. O-O-O O-O $11
{SF16}) 9. Ne2 Qxb2 10. Nxc6 (10. Rb1 Qxa2 (10... Qa3) 11. Nxc6 bxc6 12. g3 Qa4
13. Qxa4 Nxa4 14. Bg2 Bd7 15. Nd4 Nc5 16. Ke2 e5 17. Bxe5 Bd6 18. Nxc6 $18 {
SF16}) 10... bxc6 11. Qc1 (11. Rb1 Qf6 12. d4 Nxc4 13. Bxc7 Qe6 14. g3 Qd5 15.
Rg1 Ba6 16. Bg2 Qd7 17. Qa4 Bb5 18. Rxb5 cxb5 19. Qa6 Qxc7 20. Qxb5+ Kd8 21.
Bxa8 Qa5+ 22. Qxa5+ Nxa5 23. g4 e6 $11 {SF16}) 11... Qxc1+ 12. Rxc1 e6 13. Bxc7
Bb4+ 14. Kd1 (14. Nc3) 14... c5 15. g3 (15. Kc2 O-O 16. Nc3 Bb7 17. Re1 Na4 18.
Be5 Bc6 19. f4 Rab8 20. Rg1 Rb6 21. Be2 $11 {SF16}) 15... Bb7 16. Rg1 Kf7 17.
Bg2 (17. Nc3) 17... Bxg2 18. Rxg2 Rac8 (18... Rhc8 $17) 19. Be5 (19. Bxb6 axb6
20. a4 Ra8 21. Ra1 e5 22. f3 Rhd8 23. Kc2 e4 24. fxe4 fxe4 25. Rf2+ Kg8 26. Nf4
Rd4 27. Nd5 Rxd3 28. Nxb6 Rc3+ 29. Kb2 e3 30. Re2 Rd8 31. Nd5 Rxc4 32. Nxb4
Rxb4+ 33. Kc3 $11 {SF16}) 19... Rhd8 $19 20. Kc2 Nxc4 21. dxc4 Rd2+ 22. Kb3
Rxe2 23. Rd1 Rxe5 0-1

[Event "Shropshire Open"]
[Site "Telford"]
[Date "2024.01.13"]
[Round "3.3"]
[White "Sullivan, Daniel"]
[Black "Burrows, Martin"]
[Result "1/2-1/2"]
[WhiteElo "2016"]
[BlackElo "2159"]
[Annotator "Van Kemenade, Rudy"]
[PlyCount "70"]
[EventDate "2024.01.12"]
[EventType "swiss"]
[EventRounds "5"]
[EventCountry "ENG"]
[SourceTitle "BritBase"]
[Source "John Saunders"]
[SourceDate "2024.04.05"]
[SourceVersion "1"]
[SourceVersionDate "2024.04.05"]
[SourceQuality "1"]

1. e4 c5 2. Nf3 d6 3. d4 cxd4 4. Nxd4 Nf6 5. f3 e5 6. Nb3 (6. Bb5+ {is sharper,
but runs out if Bl knows it well} Nbd7 (6... Bd7 7. Bxd7+ Qxd7 8. Nf5 d5 9. Bg5
dxe4 10. Bxf6 Qxd1+ 11. Kxd1 gxf6 12. fxe4 {74% for Wh}) 7. Nf5 d5 {44% for Wh}
) 6... Be7 (6... Be6) (6... d5 {main lines}) 7. c4 a5 {main} 8. Be3 a4 9. Nc1 (
9. N3d2 {main}) 9... O-O 10. Nc3 a3 (10... Qa5 {elite GM}) 11. b3 Nc6 12. Be2
$14 (12. Bd3 $16 {1.5-0.5}) (12. Qd2 $14 {1-1}) 12... Ne8 13. O-O f5 (13... Bg5
) 14. exf5 Bxf5 15. Bd3 Be6 16. N1e2 Nf6 17. Ng3 Nb4 (17... d5 $11 {SF16}) 18.
Nf5 Qd7 19. Nxe7+ Qxe7 20. Be4 Rfd8 (20... d5 21. cxd5 Rfd8 $11 {SF16}) 21. Qe2
h6 22. Rfd1 Nxe4 (22... d5 $11 {SF16}) 23. Nxe4 (23. fxe4 $16 {SF16}) 23... Bf5
24. Bb6 Rd7 25. Nc3 (25. Rd2 d5 26. Bc5 Qe6 27. Nc3 Nd3 28. Rxd3 Bxd3 29. Qxd3
Rc8 30. b4 b6 31. Nxd5 bxc5 32. b5 $16 {SF16- primed to be optimistic}) 25...
Ra6 26. Bf2 Qg5 27. Nd5 Nxd5 28. Rxd5 Re7 29. Be3 Qg6 30. Rad1 e4 31. Qc2 (31.
Rf1 $11) 31... Re5 (31... exf3 32. Rxf5 d5 33. cxd5 Rxe3 34. Qf2 Qxf5 35. Qxe3
fxg2 36. Qd3 Qxd3 37. Rxd3 Kf7 $11 {Sf16}) 32. f4 Rxd5 33. Rxd5 Qf6 34. Rd2 (
34. h3 $16) (34. Rd4 $16) 34... Rc6 35. Qd1 Kh7 $16 {(draw?)} 1/2-1/2

[Event "Shropshire Open"]
[Site "Telford"]
[Date "2024.01.13"]
[Round "3.4"]
[White "Whitmore, Darren"]
[Black "Underwood, Jon"]
[Result "1/2-1/2"]
[WhiteElo "1878"]
[BlackElo "2098"]
[Annotator "Van Kemenade, Rudy"]
[PlyCount "96"]
[EventDate "2024.01.12"]
[EventType "swiss"]
[EventRounds "5"]
[EventCountry "ENG"]
[SourceTitle "BritBase"]
[Source "John Saunders"]
[SourceDate "2024.04.05"]
[SourceVersion "1"]
[SourceVersionDate "2024.04.05"]
[SourceQuality "1"]

1. e4 c5 2. Nf3 d6 3. d4 cxd4 4. Nxd4 Nf6 5. Nc3 a6 6. Bd3 {39% for Wh} (6. Be3
) (6. Bg5 {main lines}) 6... g6 (6... e5) (6... e6 {main lines}) 7. O-O Bg7 8.
Nb3 O-O 9. Be3 $11 {0-5} (9. Re1 {4-2-3}) 9... Be6 $146 (9... Nc6) 10. Nd4 Bd7
11. h3 Nc6 {1-4-2} 12. Qd2 b5 13. a4 (13. Nce2 Qc7 14. Nf3 Rfe8 15. Ng3 Na5 16.
b3 Nb7 17. Rac1 Nc5 $11 {Rigolot-Desanlis, FRA ch tm Top 16, 2005,0-1}) 13...
b4 14. Nce2 Qc7 15. f3 d5 $11 {If Bl can get in d5 vs a Sicilian without
damage elsewhere , then they are usually at least equal} 16. Nxc6 Bxc6 17. Qxb4
(17. e5 Qxe5 18. Bf4 Qe6 19. Nd4 Qc8 20. Qxb4 Nd7 21. Nxc6 Qxc6 22. Qxe7 Bxb2
23. Ra2 Bd4+ 24. Kh1 Nc5 $15 {SF16}) 17... Rfb8 18. Qc5 Nd7 19. Qxe7 Bf6 20.
Qa3 Bxb2 21. Qa2 Bxa1 22. Qxa1 f6 $6 (22... Re8 23. Bh6 Qe5 24. Nd4 dxe4 25.
fxe4 Bb7 26. Qb2 Rab8 27. Bf4 Bxe4 28. Qa1 Qc5 29. Bxb8 Bxd3 30. cxd3 Rxb8 31.
Kh1 $11 {SF16}) 23. Nf4 $16 Re8 (23... Qe5 24. c3 Rb3 25. Nxd5 Bxd5 26. Bd4 Qd6
27. exd5 Ra3 28. Qc1 Rxa4 29. Qc2 Rxd4 30. cxd4 Rd8 31. Ra1 $14 {SF16}) 24. Qd4
(24. Qc3 Rec8 25. exd5 Bxa4 26. Qb4 Qe5 27. Bf2 Bxc2 28. Ne6 Nf8 (28... Bxd3
29. Qe7 $18) 29. Nxf8 Bxd3 30. Nd7 Qf5 31. Qe7 Rf8 32. Nxf8 Rxf8 33. Rc1 Rf7
34. Qe8+ Rf8 35. Qc6 Qe5 36. d6 $14 {SF16}) 24... Qe5 25. exd5 Bxa4 26. Qxe5 (
26. Ne6 $11 {SF16}) 26... Nxe5 $17 27. Ra1 (27. Ne6) 27... Bb5 (27... Nxd3 28.
Rxa4 Nb2 29. Ra2 Rxe3 30. Rxb2 Rc3 $19 {SF16}) 28. Bd4 Bxd3 29. Nxd3 Nxd3 30.
cxd3 Kf7 $19 (30... Red8 $17) 31. Bc5 Red8 (31... Re5 32. d4 Rxd5 $19 {SF16})
32. d6 Ke6 33. Kf2 Kd5 (33... a5 34. Ke3 Kd5 35. d4 a4 $19 {SF16}) 34. Ra5 Kc6
35. d4 Rdb8 (35... Re8 {also}) 36. Ra2 a5 37. Kg3 a4 38. Kf4 Rb3 39. h4 (39.
Ba3 Kd7 40. Ke4 Ra5 41. Kf4 h5 $19 {SF16}) 39... a3 40. g4 Rc3 41. g5 fxg5+ 42.
Kxg5 (42. hxg5 Rf8+) 42... Rxf3 43. Kh6 Rh3 44. Kxh7 Rxh4+ (44... g5 $1 $19)
45. Kxg6 Rh3 46. Kf6 Kd7 47. Ke5 Re3+ 48. Kd5 Rh3 1/2-1/2

[Event "Shropshire Open"]
[Site "Telford"]
[Date "2024.01.13"]
[Round "3.5"]
[White "Gunarathne, Senith"]
[Black "Fleming, Nigel"]
[Result "0-1"]
[WhiteElo "1789"]
[BlackElo "2092"]
[Annotator "Van Kemenade, Rudy"]
[PlyCount "94"]
[EventDate "2024.01.12"]
[EventType "swiss"]
[EventRounds "5"]
[EventCountry "ENG"]
[SourceTitle "BritBase"]
[Source "John Saunders"]
[SourceDate "2024.04.05"]
[SourceVersion "1"]
[SourceVersionDate "2024.04.05"]
[SourceQuality "1"]

1. e4 Nf6 2. Nc3 d5 3. exd5 Nxd5 4. d4 (4. Bc4 {main}) 4... Nxc3 5. bxc3 g6 6.
Nf3 Bg7 7. Bd3 (7. Bc4 {main}) 7... O-O 8. O-O c5 9. Be3 Nc6 10. Be4 Qa5 11.
Bd2 (11. Qd2 cxd4 (11... Rd8 12. Bh6 cxd4 13. Bxg7 Kxg7 14. Qf4 dxc3 15. Bxc6
bxc6 16. Ne5 Qd5 17. g4 Ba6 18. Rfe1 f6 19. Nxc6 e5 {Tripi-Altieri,Recco op
2012,0-1}) 12. Nxd4 Nxd4 13. Bxd4 e5 14. Be3 Rd8 15. Qe2 Qxc3 {
Verdiana-Sadikin The, Asean Circuit (women) 2008,0-1}) 11... Rd8 12. Qe2 Bg4
13. h3 Bxf3 14. Bxf3 e6 (14... Rd7 $15 {SF16}) 15. Rab1 (15. Rfb1 $11 {SF16})
15... cxd4 16. cxd4 Qxa2 $15 17. c3 Bxd4 18. Rxb7 Bf6 (18... Bb6 $15 {SF16})
19. Bxc6 Qxd2 20. Qa6 (20. Qf3 Kg7 21. Rfb1 $11 {Sf16}) 20... Qxc3 (20... Qd6
$19 {SF16}) 21. Rxf7 Kxf7 22. Bxa8 Bd4 $15 23. Bf3 Bb6 24. Bg4 Qd4 (24... h5
25. Qb7+ Kf6 26. Bf3 Qe5 $17 {SF16}) 25. Qb7+ (25. Qe2 Qf6 26. Re1 Rd6 27. g3
$11 {SF16}) 25... Rd7 26. Qf3+ Qf6 27. Qc6 Rc7 (27... Rd2) 28. Qd6 Re7 29. Kh1
Bc7 (29... e5 30. Qd5+ Kg7 31. g3 e4 32. f4 Qc3 33. f5 Bd4 34. fxg6 hxg6 35.
Qd6 Bf6 36. h4 a5 $17 {Sf16}) 30. Qd3 Qe5 31. f4 Qd5 32. Qe3 (32. Qc3 h5 33.
Be2 Qf5 34. Qh8 Qf6 35. Qh7+ Qg7 36. Qxg7+ Kxg7 37. g3 $11 {SF16}) 32... Bb6
33. Qe2 Qd4 34. Re1 (34. Rd1 Qc3 35. Rd3 Qc5 36. Rd1 $15 {SF16}) 34... Kg7 (
34... Qf6) 35. f5 (35. Qe5+ Qxe5 36. Rxe5 Kf6 37. g3 $11 {SF16}) 35... Bc7 (
35... e5 $15) 36. Qf3 (36. Rf1 gxf5 37. Rxf5 $11 {SF16}) 36... h5 $19 (36...
gxf5 37. Bh5 (37. Bxf5 Qd6 38. g3 exf5 $19) 37... Qd6 $19 {SF16}) 37. Rxe6 Rxe6
38. fxe6 Qa1+ $1 39. Qd1 Qe5 40. g3 hxg4 41. Qd7+ Kh6 42. e7 Qe1+ 43. Kg2 Qe2+
44. Kh1 Qf3+ 45. Kg1 Bb6+ 46. Kh2 Qf2+ 47. Kh1 Qg1# 0-1

[Event "Shropshire Open"]
[Site "Telford"]
[Date "2024.01.13"]
[Round "3.6"]
[White "Mason, Donald"]
[Black "Vaidyanathan, Adithya"]
[Result "0-1"]
[WhiteElo "2055"]
[BlackElo "1959"]
[Annotator "Van Kemenade, Rudy"]
[PlyCount "114"]
[EventDate "2024.01.12"]
[EventType "swiss"]
[EventRounds "5"]
[EventCountry "ENG"]
[SourceTitle "BritBase"]
[Source "John Saunders"]
[SourceDate "2024.04.05"]
[SourceVersion "1"]
[SourceVersionDate "2024.04.05"]
[SourceQuality "1"]

1. e4 c5 2. Nf3 Nc6 3. Bb5 g6 (3... d6 4. O-O a6 5. Bxc6+ bxc6 6. c4 e5 7. d3
Be7 8. Be3 f5 9. exf5 Nf6 10. Bg5 Bxf5 11. Re1 O-O {T Jones-VaidYanathan, 4NCL
Online U1700, 2021,1-0}) 4. Bxc6 dxc6 5. d3 Bg7 6. O-O (6. h3 Nf6 7. Nc3 Nd7 8.
O-O e5 9. Be3 Qe7 10. Qd2 h6 11. a3 Nf8 12. b4 Ne6 13. Na4 b6 14. bxc5 b5 15.
Nb2 f5 {Mason-Sowray, BCF ch Douglas 2005,0-1}) 6... e5 7. a4 Be6 $146 (7... a5
) (7... Qe7) 8. b3 (8. Be3 Qe7 9. Qe1 $16 {SF16}) 8... Ne7 (8... Nf6 9. a5 O-O
$11 {SF16}) 9. a5 h6 10. Be3 b6 11. b4 cxb4 (11... O-O 12. axb6 axb6 13. Rxa8
Qxa8 14. bxc5 b5 15. Qc1 g5 16. Nbd2 Qa2 17. d4 $14 {SF16}) 12. axb6 a5 (12...
axb6 13. Bxb6 Qb8 14. Rxa8 Qxa8 15. Qd2 b3 16. Bc5 bxc2 17. Qxc2 Qd8 18. Nbd2
O-O 19. Ra1 $16 {SF16}) 13. c3 $18 O-O 14. cxb4 axb4 15. Rxa8 Qxa8 16. Bc5 Re8
17. Bxb4 {(draw?)} (17. Qe1 Qa4 18. Qxb4 Qxb4 19. Bxb4 $18 {SF16}) 17... Nc8
$11 18. Bc3 Bg4 (18... Qb8 $11) 19. Qb3 Qb7 20. Nbd2 (20. Ba5 $16 {SF16}) 20...
Qxb6 21. Qxb6 Nxb6 22. Ra1 $11 Nd7 23. Ra5 f6 24. h3 Bxf3 25. Nxf3 g5 26. Kf1
Nf8 27. g3 Ne6 28. Ke2 h5 29. Nd2 Bf8 30. Ra6 Rc8 31. Nc4 Nc5 32. Ra7 Rd8 33.
Nb2 Nb3 34. Rc7 c5 35. Rb7 Nc1+ $11 {Wh ceased keeping score at this point} 36.
Kd2 (36. Ke3 $11) 36... Nxd3 $15 37. Ba5 Ra8 (37... Rd4 38. Nxd3 c4 $15 {SF16})
38. Kxd3 Rxa5 39. Nc4 $11 Ra2 40. Rb2 Ra1 41. Ne3 Rh1 42. Rb6 Kf7 43. Nd5 Bg7 (
43... Kg7 44. Nxf6 Rxh3 45. Kc4 Rh2 46. Kd5 Kf7 47. f3 Bg7 48. Nh7 Rd2+ 49.
Kxc5 Bf8+ 50. Nxf8 Kxf8 51. Re6 Rg2 52. g4 hxg4 53. fxg4 Rxg4 54. Rxe5 $11 {
SF16}) 44. Rb7+ Kg8 (44... Kf8 45. Ne7 Ke8 46. Kc4 Rd1 47. Nf5 Bf8 48. Rh7 Rd2
49. f3 Rd1 50. Rxh5 Kf7 51. Rh7+ Ke6 52. h4 gxh4 53. gxh4 Rf1 $11 {SF16}) 45.
Ne7+ Kh8 46. Nf5 Bf8 47. Rf7 Kg8 48. Rxf6 Rxh3 49. Re6 (49. Rg6+ Kf7 50. Rxg5
c4+ 51. Kxc4 Rh2 52. f3 Kf6 53. Rg8 Kf7 54. Rh8 Rc2+ (54... Rf2 55. Nh4 $18)
55. Kd3 Rf2 56. Nh4 Be7 57. Nf5 Bf8 58. Nh4 Be7 $11 {Sf16}) 49... h4 (49... Kf7
50. Rxe5 h4) 50. Rxe5 (50. Rg6+ $11) 50... Rh1 51. Ne3 h3 (51... Bh6 $11) 52.
Rxg5+ Kf7 53. Rf5+ Kg7 54. Rh5 Kg6 55. g4 h2 56. Ke2 Bd6 57. Kf3 (57. Nf1 c4
58. Nxh2 Bxh2 59. Ke3 Re1+ 60. Kd4 c3 61. Kxc3 Rxe4 62. f3 Re3+ 63. Kb4 Rxf3
64. Rxh2 Rf4+ 65. Kc5 Rxg4 $11 {SF16}) 57... Rg1 $19 (57... Re1 $19) 0-1

[Event "Shropshire Open"]
[Site "Telford"]
[Date "2024.01.13"]
[Round "3.7"]
[White "Jukes, Sam"]
[Black "Potter, John M"]
[Result "1/2-1/2"]
[WhiteElo "1969"]
[BlackElo "2196"]
[Annotator "Van Kemenade, Rudy"]
[PlyCount "91"]
[EventDate "2024.01.12"]
[EventType "swiss"]
[EventRounds "5"]
[EventCountry "ENG"]
[SourceTitle "BritBase"]
[Source "John Saunders"]
[SourceDate "2024.04.05"]
[SourceVersion "1"]
[SourceVersionDate "2024.04.05"]
[SourceQuality "1"]

1. e4 e6 2. Nf3 d5 3. e5 Bd7 (3... c5 4. b4 {Jukes 3-5}) 4. d4 (4. a3 a5 5. d4
c5 6. c3 Nc6 7. Bd3 Nge7 8. dxc5 Ng6 9. Bxg6 hxg6 10. Be3 Qc7 11. Nbd2 Nxe5 {
Jukes-Pollack, S Wales International 2023,0-1}) 4... c5 5. c3 Nc6 6. Bd3 (6.
Be2) (6. a3 {main lines}) 6... Rc8 7. O-O cxd4 8. cxd4 Nb4 9. Nc3 Nxd3 10. Qxd3
Ne7 11. Bg5 {25% for Wh} h6 (11... Qb6 {alternative}) 12. Nb5 (12. Bh4 {2-0-4})
(12. Bxe7 Bxe7 {1-0-3}) (12. Bd2 $11 {SF16,0-3}) 12... Bxb5 13. Qxb5+ Qd7 14.
Qxd7+ Kxd7 15. Bxe7 Bxe7 16. Rac1 (16. Rfc1 Rc6 17. Rxc6 (17. Kf1 Rhc8 18. Rxc6
Rxc6 19. Ne1 Rc4 20. Rd1 a5 21. b3 Rc3 22. Rd3 Rc1 $15 {Khandelwal-Itgelt,
Titled Tuesday blitz sept 2022,0-1}) 17... bxc6 18. Ne1 c5 $17 {
Hanser-Reefschlaeger, Casino op Velden 1996,0-1}) 16... b5 (16... Rc6 17. Rfd1
Rhc8 $17 {SF16}) 17. g3 Rc4 18. b3 Rcc8 19. a4 Rxc1 20. Rxc1 Rc8 (20... bxa4
21. bxa4 Rb8 22. h4 Bd8 23. Kg2 Rb4 24. Ra1 a5 25. g4 Bb6 $19 {SF16}) 21. Rxc8
Kxc8 22. axb5 Bb4 23. Kf1 (23. b6 a6 24. Kf1 Kb7 25. Ke2 Kxb6 26. Kd3 $11 {SF16
}) 23... Kc7 24. Ke2 Kb6 25. Kd3 Kxb5 $11 26. h4 Ba5 27. h5 Kb4 28. Kc2 Bb6 29.
g4 Bd8 30. Ne1 Kb5 31. f4 Bh4 (31... a5 32. f5 a4 (32... Be7 $11) 33. Kb2 axb3
34. Kxb3 Ba5 35. Ng2 Bb6 36. Kc3 Kc6 37. Nf4 Kd7 38. g5 $18 {SF16}) 32. Nf3 (
32. Nd3 Be7 33. f5 exf5 34. gxf5 a5 35. Nf4 Kc6 36. Kd3 Bg5 37. Ne2 Be7 38. Nc3
Bg5 39. Ne2 $14 {SF16}) 32... Bg3 (32... Be7 $11 {safest}) 33. f5 $18 Bf4 (
33... exf5 34. gxf5 Bf4 35. Nh4 (35. e6 fxe6 36. fxe6 Bd6 37. Nh4 Kc6 38. Nf5
Bf4 39. Nxg7 Kd6 $11) 35... Bg5 36. Ng6 $1 Kc6 (36... fxg6 37. hxg6 (37. f6 $18
) 37... Be7 38. f6 Bf8 39. e6 gxf6 40. g7 $18 {SF16})) 34. f6 gxf6 35. exf6 Bc7
(35... a6 36. Kd3 Kb4 37. g5 hxg5 38. h6 g4 39. h7 $18) 36. g5 (36. Ne5 Bb6 37.
Kd3 Bd8 38. Nxf7 Bxf6 39. Nxh6 Kc6 40. Nf7 $18 {SF16}) 36... hxg5 37. Ne5 (37.
Nxg5 Bd8 38. Nxf7 Bxf6 39. Kc3 Kc6 40. h6 Kd7 41. h7 Ke7 42. h8=Q Bxh8 43. Nxh8
Kf6 44. Kb4 e5 (44... Kg7 45. Kc5) 45. dxe5+ Kxe5 46. Ng6+ Kf6 47. Nf4 $18 {
SF16}) (37. Nh2 $1 $18 {SF16} Bb6 (37... Bxh2 38. h6) (37... Bd8 38. Ng4) 38.
Kd3 Bd8 39. Ng4 Kb4 40. h6 $18) 37... Bxe5 38. dxe5 g4 $11 {Bl escapes by a
whisker} 39. Kd3 (39. h6 g3 40. h7 g2 41. h8=Q g1=Q 42. Qe8+ Kc5 43. Qe7+ Kb5
44. Qd7+ Ka5 45. Qxf7 Qf2+ {perpetual-SF16}) 39... g3 40. Ke2 d4 41. h6 d3+ 42.
Kxd3 g2 43. h7 g1=Q 44. h8=Q Qd1+ 45. Kc3 Qe1+ 46. Kd3 1/2-1/2

[Event "Shropshire Open"]
[Site "Telford"]
[Date "2024.01.13"]
[Round "3.8"]
[White "Kett, Timothy"]
[Black "Zabrocki, Philip"]
[Result "1-0"]
[WhiteElo "2205"]
[BlackElo "1991"]
[Annotator "Van Kemenade, Rudy"]
[PlyCount "85"]
[EventDate "2024.01.12"]
[EventType "swiss"]
[EventRounds "5"]
[EventCountry "ENG"]
[SourceTitle "BritBase"]
[Source "John Saunders"]
[SourceDate "2024.04.05"]
[SourceVersion "1"]
[SourceVersionDate "2024.04.05"]
[SourceQuality "1"]

1. e4 e6 2. d4 d5 3. Nc3 Bb4 4. e5 Ne7 5. a3 Bxc3+ 6. bxc3 c5 7. Qg4 O-O (7...
Qc7) 8. Bd3 f5 {59% for Wh} (8... Nbc6 9. Qh5 Ng6 10. Nf3 {63% for Wh}) 9. exf6
Rxf6 10. Bg5 Rf7 11. Qh4 {48% for Wh} (11. Qh5 {63% for Wh} g6 (11... h6 12.
Nf3) 12. Qd1 Nbc6 13. Nf3 {669 games}) 11... h6 12. Bxe7 (12. Nf3 Nbc6) 12...
Qxe7 (12... Rxe7 13. Nf3 {53% for Wh}) 13. Qxe7 Rxe7 {(draw?)} 14. Nf3 {
45% for Wh} (14. f4 {main, 57% for Wh}) 14... c4 15. Bg6 $11 {2-4-3} (15. Be2
$11 {2 draws}) 15... Nc6 16. Kd2 Bd7 17. Rhe1 (17. Rae1 $11 {1-1-1}) 17... Be8
(17... Rf8 18. Re2 Rf6 19. Bh5 g6 20. Bg4 Rf4 21. Bh3 g5 {Savage-Domanski,
APCT corr USA 1995,1/2-1/2}) 18. Bxe8 (18. Nh4 Bxg6 19. Nxg6 Rf7 20. f3 Rf6 21.
Ne5 Nxe5 22. Rxe5 Kf7 $11 {SF16}) 18... Raxe8 19. Ne5 Nxe5 20. Rxe5 Rd7 (20...
Rf7 21. Ke3 Rf5 22. f4 Rxe5+ 23. dxe5 Rc8 24. Kd4 b6 25. Rf1 (25. f5 $16) 25...
Rc5 26. f5 $16 {Vogel-Baskin, Wiesbaden op 2011,1-0}) (20... Rf8 21. f3 Rf5 $11
{SF16}) 21. Rae1 Rd6 22. f4 $14 Kf7 (22... Rf8 23. g3 Rf6 24. Rb1 b6 25. h4 g6
26. h5 gxh5 27. Rxh5 Rg6 28. Rh3 Rd7 29. Ke3 Rdg7 30. Rg1 Kf7 31. Kf3 $14 {SF16
}) 23. f5 (23. g4 g6 24. h4 $16 {SF16}) 23... Ra6 (23... g6 24. g4 gxf5 25.
gxf5 Rg8 26. R1e2 exf5 27. Rxf5+ Kg6 28. Rfe5 Rgd8 29. h4 R8d7 30. h5+ Kf7 $14
{SF16}) 24. g4 $16 Re7 25. h4 Re8 26. fxe6+ (26. a4 Re7 27. h5 Rd6 28. R1e3 a5
29. Re2 Ra6 30. fxe6+ Raxe6 31. Rf5+ Rf6 32. Rxd5 $18 {SF16}) 26... Rexe6 {
(draw?)} 27. Rxd5 (27. Rf1+ Ke7 28. Rxd5 $14 {SF16}) 27... Rxe1 28. Kxe1 Rxa3
29. Kd2 b6 (29... Ke6 $14) 30. Rd7+ Kf6 31. Rc7 (31. Rd6+ Kf7 32. Rc6 b5 33. g5
hxg5 34. hxg5 Ra1 35. g6+ Ke7 36. d5 Ra3 37. Re6+ Kd7 38. Rf6 Ra1 39. Rf7+ Kd6
40. Rxg7 Rg1 41. Rxa7 Kxd5 42. g7 Ke4 $11 {SF16}) 31... Ra4 (31... b5 32. Rb7
a6 33. Rb6+ Ke7 34. d5 a5 35. Rxb5 Kd6 36. Rb7 g5 37. Rb6+ Kxd5 38. h5 Ra1 39.
Rxh6 Rg1 $11 {SF16}) 32. Ke3 (32. h5 $18) (32. Rc6+ Kf7 33. h5 $18 {both SF16})
32... b5 33. Rc6+ Kf7 34. d5 $16 Ra2 35. Kd4 Rxc2 36. Rc7+ Kf6 37. Rxa7 $18
Rd2+ 38. Kc5 b4 39. cxb4 (39. Kxb4 Rxd5 40. Kxc4 $18 {also, text is better})
39... c3 40. Ra1 c2 41. Rc1 Ke5 42. b5 (42. Kc6 $1 Kd4 (42... Rxd5 43. Rxc2 $18
) 43. b5 $18 {SF16}) 42... Rxd5+ 43. Kc6 $11 {(time?)} (43. Kc6 Rd6+ 44. Kc7
Rd5 45. b6 Rc5+ 46. Kd8 Kd6 47. b7 Rb5 48. Kc8 Rc5+ $11 {SF16}) 1-0

[Event "Shropshire Open"]
[Site "Telford"]
[Date "2024.01.13"]
[Round "3.9"]
[White "Freeland, Alex"]
[Black "He, Tom Junde"]
[Result "0-1"]
[WhiteElo "2095"]
[BlackElo "1745"]
[Annotator "Van Kemenade, Rudy"]
[PlyCount "64"]
[EventDate "2024.01.12"]
[EventType "swiss"]
[EventRounds "5"]
[EventCountry "ENG"]
[SourceTitle "BritBase"]
[Source "John Saunders"]
[SourceDate "2024.04.05"]
[SourceVersion "1"]
[SourceVersionDate "2024.04.05"]
[SourceQuality "1"]

1. d4 Nf6 (1... d5 {0.5-1.5 He}) 2. c4 e6 3. Nc3 Bb4 4. e3 O-O 5. Bd3 d5 6. a3
(6. Nf3 {main, Freeland 2-0}) 6... Bxc3+ 7. bxc3 c5 (7... dxc4 8. Bxc4 {
main, 52% for Wh}) 8. Nf3 {41% for Wh} (8. cxd5 {main, 63% for Wh}) (8. Ne2 {
55% for Wh}) 8... dxc4 9. Bxc4 Qc7 10. Be2 b6 11. O-O Bb7 12. c4 (12. Bb2 Nbd7
13. c4 Rac8 {42% for Wh}) 12... Nc6 (12... Nbd7 $11 {3 draws, 3 Bl wins}) 13.
Bb2 Na5 $146 {SF16} (13... Rfd8 {52 % for Wh}) 14. d5 (14. Ne5 $11 {SF16})
14... Rad8 (14... exd5 15. Bxf6 gxf6 16. cxd5 Rad8 17. e4 f5 $15 {SF16}) 15.
Bxf6 gxf6 16. e4 (16. Bd3 f5 17. Qe2 Qe7 $11 {SF16}) 16... Qf4 (16... f5 $17 {
SF16}) 17. g3 $2 (17. Bd3 $11) 17... Qxe4 $19 18. Bd3 Qg4 19. h3 Qxh3 (19...
Qh5 $1) 20. Nh4 f5 21. Qe1 Qg4 22. Rd1 Rfe8 23. f3 (23. dxe6 fxe6 24. Bxf5 Rxd1
25. Bxg4 Rxe1 26. Rxe1 Kf8 $19 {SF16}) 23... Qd4+ 24. Kg2 (24. Qf2) 24... exd5
25. Qd2 dxc4 26. Nxf5 Qf6 27. Qf4 Rxd3 (27... cxd3) 28. Rde1 Rdd8 (28... Rxe1
29. Rxe1 Kf8 $19) 29. Nh6+ Kg7 30. Qg4+ Qg6 (30... Kxh6 31. Rh1+ Qh4 32. Rxh4#)
31. Nf5+ Kf6 32. Qh4+ Qg5 0-1